Pôjdeme po vlastných : z Košíc do Prahy bez medzipristátia

Podrobná bibliografia
Médium: Článok
Jazyk:Slovak
Témy:
Zdroj: 1. Lúč, vsl. noviny 1. Roč. 2, č. 257 (4.11.1993), s. 2
LEADER 00782nab#a2200313#ar4500
001 000124638
003 SVKKK
005 20181205143937.0
008 181205c1993 xo |||||||||||||||b|slo
FMT
038 |a SVKKK 
040 |a SVKKK  |b slo  |e AACR2 
041 0 |a slo 
044 |a xo  |c SK 
080 |a 656.7  |2 2011 
245 1 0 |a Pôjdeme po vlastných : z Košíc do Prahy bez medzipristátia  |c [autor] (ale) 
610 2 4 |4 Československé aerolínie 
650 0 4 |a majetkové vysporiadanie 
650 0 4 |a letecké linky 
650 0 4 |a zrušenie 
650 0 4 |a informácie 
651 4 |a Košice (Slovensko) 
773 0 |t Lúč, vsl. noviny  |g Roč. 2, č. 257 (4.11.1993), s. 2 
958 |a RK 
974 |a Va 
992 |a RBX 
BAS
852 |a SVKKK  |b BIB 
998 |a REG